00817nam a22001697a 4500003000900000008004100009040007100050082002500121100002300146245011700169260003200286300002800318505024900346650002600595650001600621650001000637AR-CdUCM190328b ||||| |||| 00| 0 spa d aMUNICIPALIDAD PROVINCIAL DEL CUSCOcBIBLIOTECA MUNICIPAL DEL CUSCO a868.5 /bT33O / 1854 aTejado, Don Gavino aObras de Don Juan Donoso Cortés :bMarques de Valdegamas, ordenadas y precedidas de una noticia biográfica / aMadrid :bDe Tejado,c1854. a347 páginas ;c24 cm. aContenido: Discurso de apertura del colegio de humanidades de Cáceres -- Consideraciones sobre la diplomacia y su influencia en el estado político y social de Europa -- Lecciones de derecho político pronunciadas en el ateneo de Madrid ... aLiteratura española aSiglo XVIII aObras